000 00260nam a22001097a 4500
008 170125b xxu||||| |||| 00| 0 eng d
020 _a9780781765251
041 _aeng
080 _29TH
_a618.2
245 _aNURSING IN TODAY'S WORLD
_cELLIS, J.R
942 _2udc
_cBK
999 _c3614
_d3614